000 00959nam a2200301 i 4500
003 EG-GICUC
005 20260127141809.0
008 260127s1931 fr ||||fr|||| 000 0 fre d
040 _aEG-GiCUC
_bfre
_cEG-GiCUC
_dEG-GiCUC
_erda
041 _afre
082 0 4 _221
_a341.81
_bSA . I
092 0 4 _221
099 _aLaw1 12 341.81 SA . I 1931
100 1 _a Saba, Jean S.
_eAuteur
245 1 2 _aL'islam Et La Nationalité /
_cPar Jean S. Saba.
264 1 _aParis :
_bLibrairie De Jurisprudence Ancienne Et Moderne,
_c1931.
300 _a166 pages,
_c24 cm
_billustration ;
336 _2rda content
_atext
337 _2rda media
_aComputer
338 _2rda carrier
_aOnline Resource
504 _aBibliography: pages 200-250.
546 _aTexte en français
650 1 4 _aNationalité
_2qrmak
_xDroit international
651 1 _2qrmak
856 4 0 _uhttps://fll.law.cu.edu.eg/fulltext/bks/B12-02399.pdf
905 _a79
942 _2ddc
_cBK
_e21
_n0
999 _c59593
_d59593